000 00469nam a2200181Ia 4500
008 231217s9999 xx 000 0 und d
020 _a8178812703
041 _aEnglish
082 _a338.4760615 KES.2;1 R
100 _aKesiraju, Krishnaphani ed.
245 0 _aPharma sector V.2 : trends and cases
250 _a1st ed.
260 _c2004
_bICFAI Press
_aHyderabad
300 _ax, 181
500 _aContent page available
650 _aICFAI
942 _cAA
999 _c181597
_d181597